Statistics for Denmark Country Quiz

Click here to take the quiz!

General Stats

  • This quiz has been taken 163 times
  • The average score is 8 of 17

Answer Stats

Hint Answer % Correct
CapitalCopenhagen
100%
Island Copenhagen is onSjaelland
83%
Second largest cityAarhus
78%
CurrencyKrone
73%
Third largest cityOdense
70%
Third Largest islandFunen/Fyn
70%
Fourth largest cityAalborg
65%
Large Danish island in Baltic Sea home to city of RonneBornholm
64%
Strait separating Denmark from SwedenOresund
59%
Fourth largest islandLolland
38%
Where Danish Royals are buried/ Danish Westminster Abbey: _______ CathedralRoskilde
34%
Strait between Denmark and NorwaySkagerrak
22%
Highest pointMollehoj
22%
Second largest islandNorth Jutlandic Island
21%
Body of water separating Jutland from answer to #5Limfjorden
19%
Strait between Jutland and answer to #6Little Belt
10%
Strait between answers to #4 and #6Great Belt
10%

Score Distribution

Percentile by Number Answered

Percent of People with Each Score

Your Score History

You have not taken this quiz